| 000 | 005250000a22001810004500 | ||
|---|---|---|---|
| 003 | MACL | ||
| 005 | 20160313114052.0 | ||
| 008 | 160313b xxu||||| |||| 00| 0 eng d | ||
| 040 |
_aMACL _cMACL |
||
| 041 | _aHindi | ||
| 082 | _a891.433 | ||
| 100 |
_aवर्मा रामकुमार _941290 |
||
| 245 | _aजय वर्धमान | ||
| 260 |
_bभारतीय साहित्य प्रकाशन _c1974 _aमेरठ |
||
| 350 | _a10 | ||
| 650 |
_aDrama _945651 |
||
| 942 |
_cHIN _k891.432 _2ddc |
||
| 999 |
_c27437 _d27437 |
||